Normal view
MARC view
- Mackintosh, John
Entry Personal Name
001 - CONTROL NUMBER
- control field: 50037
003 - CONTROL NUMBER IDENTIFIER
- control field: NUST
005 - DATE AND TIME OF LATEST TRANSACTION
- control field: 20210314134518.0
008 - FIXED-LENGTH DATA ELEMENTS
- fixed length control field: 210314|| aca||aabn | a|a d
040 ## - CATALOGING SOURCE
- Original cataloging agency: NUST
- Transcribing agency: NUST
100 ## - HEADING--PERSONAL NAME
- Personal name: Mackintosh, John
670 ## - SOURCE DATA FOUND
- Source citation: Work cat.: (NUST): Mackintosh, John,, The story of Scotland from the earliest times to the present century ..., 1890.
